logo

Bir Sreshtho Munshi Abdur Rouf Library
Jhenaidah Cadet College

হাজার বছরের বাঙালি সংস্কৃতি / (Record no. 3122)

MARC details
000 -LEADER
fixed length control field 00747nam a2200241 a 4500
001 - CONTROL NUMBER
JCCL Control Number 3122
003 - CONTROL NUMBER IDENTIFIER
JCCL marc code BD-JhCC
005 - DATE AND TIME OF LATEST TRANSACTION
control field 20190827134017.0
008 - FIXED-LENGTH DATA ELEMENTS--GENERAL INFORMATION
fixed length control field 171111s2006 bg |||| ||a| 001 0 ben d
035 ## - SYSTEM CONTROL NUMBER
system control number (BD-JhCC)3122
040 ## - CATALOGING SOURCE
Original cataloging agency BD-JhCC
Modifying agency BD-JhCC
041 ## - LANGUAGE CODE
Language code of Book ben
082 ## - DEWEY DECIMAL CLASSIFICATION NUMBER
Classification number 305.80095414
Author mark and Year MUR 2006
100 ## - MAIN ENTRY--PERSONAL NAME
Personal name মুরশিদ, গোলাম
245 ## - TITLE STATEMENT
Title হাজার বছরের বাঙালি সংস্কৃতি /
Statement of responsibility, etc গোলাম মুরশিদ,
260 ## - PUBLICATION, DISTRIBUTION, ETC. (IMPRINT)
Place of publication, distribution, etc ঢাকা :
Name of publisher, distributor, etc অবসর প্রকাশনী,
Date of publication, distribution, etc 2006
300 ## - PHYSICAL DESCRIPTION
Pagination 548 p. :
Dimensions 22 cm.
650 ## - SUBJECT ADDED ENTRY--TOPICAL TERM
Topical term or geographic name as entry element Manners and Customs
650 ## - SUBJECT ADDED ENTRY--TOPICAL TERM
Topical term or geographic name as entry element Social life and customs
650 ## - SUBJECT ADDED ENTRY--TOPICAL TERM
Topical term or geographic name as entry element Bengali Culture
942 ## - ADDED ENTRY ELEMENTS (KOHA)
Source of classification or shelving scheme Dewey Decimal Classification
Koha item type Books
Koha issues (borrowed), all copies 2
Holdings
Source of classification or shelving scheme Damaged status Not for loan Home library Current library Shelving location Date of accession Cost, normal purchase price Total Checkouts Full call number Barcode Date last seen Date checked out Copy number Koha item type
Dewey Decimal Classification     JCC Rouf Library JCC Rouf Library General Stacks 11/11/2017 450.00 1 305.80095414 MUR 2006 3756 05/05/2019 01/13/2019 C-1 Books
Dewey Decimal Classification     JCC Rouf Library JCC Rouf Library General Stacks 12/21/2017 500.00 1 305.80095414 MUR 2006 7939 09/30/2019 08/26/2019 C-2 Books

JCC Library | Contacts | JCC Home

Last Update on 23 September 2017
Copyright @ 2017-2020 JCC Rouf Library
Rouf Library, Jhenidah Cadet College (JCC), Bangladesh